|
|
|
|
| LEADER |
01198nam a2200229 i 4500 |
| 003 |
GR-PaULI |
| 005 |
20250403140049.0 |
| 008 |
250403b gr a|||g |||| 000 0 gre d |
| 020 |
|
|
|a 9786188095664
|
| 040 |
|
|
|a GR-PaULI
|b gre
|c GR-PaULI
|e AACR2
|
| 082 |
0 |
4 |
|2 23
|a 005.54
|
| 100 |
1 |
|
|a Γεωργογάλας, Λάμπρος
|9 209232
|e συγγραφέας.
|
| 245 |
1 |
0 |
|a Μάθετε το Excel 2010/2013 /
|c [κείμενα Λάμπρος Γεωργογάλας]
|
| 246 |
1 |
|
|a Μάθετε το Excel 2010/2013 :
|b οδηγός χρήσης, περιήγηση στο περιβάλλον, κόλπα και μυστικά
|i Άλλες παραλλαγές του τίτλου:
|
| 260 |
|
|
|a Κρυονέρι :
|b Digerati,
|c [2013]
|
| 300 |
|
|
|a 97, [1] σ. :
|b εικ. έγχρ. ;
|c 24 εκ.
|
| 490 |
0 |
|
|a Βιβλιοθήκη ίντερνετ και τεχνολογίας
|
| 650 |
|
4 |
|a Ηλεκτρονικά λογιστικά φύλλα
|9 20354
|
| 942 |
|
|
|2 ddc
|c BK
|
| 952 |
|
|
|0 0
|1 0
|2 ddc
|4 0
|6 005_540000000000000_ΓΕΩ
|7 0
|9 389106
|a MSLG
|b MSLG
|c BSC
|d 2025-04-03
|i 30573
|l 0
|o 005.54 ΓΕΩ
|p 992420030573
|r 2025-04-03 10:56:25
|t 1
|w 2025-04-03
|y BK15
|
| 998 |
|
|
|c ΒΑΣΙΛΕΙΟΥ
|d 2025-04
|
| 999 |
|
|
|c 225651
|d 225651
|